01373nam a2200325Ia 4500001001200000003000800012006001900020007001500039008004100054010001700095020003900112020003100151040002100182035002100203050002500224082001800249100002200267245014800289260005000437300001800487504005100505533015200556650005200708650004400760650004800804655002900852700002300881710001700904856012600921ebr10435908CaPaEBRm u cr cn|||||||||100318s2010 nyu sb 001 0 eng d z 2010007236 z9780231145206 (cloth : alk. paper) z9780231517805 (electronic) aCaPaEBRcCaPaEBR a(OCoLC)69422823714aHV8073b.K668 2010eb04a363.25/622221 aKrimsky, Sheldon.10aGenetic justiceh[electronic resource] :bDNA data banks, criminal investigations, and civil liberties /cSheldon Krimsky and Tania Simoncelli. aNew York :bColumbia University Press,c2010. axviii, 406 p. aIncludes bibliographical references and index. aElectronic reproduction.bPalo Alto, Calif. :cebrary,d2011.nAvailable via World Wide Web.nAccess may be limited to ebrary affiliated libraries. 0aCriminal investigationvCross-cultural studies. 0aDNA data banksvCross-cultural studies. 0aEvidence, CriminalvCross-cultural studies. 7aElectronic books.2local1 aSimoncelli, Tania.2 aebrary, Inc.40uhttp://site.ebrary.com/lib/rucke/Doc?id=10435908zAn electronic book accessible through the World Wide Web; click to view